[Event "Test Tournament"]
[Site "Emanuel Lasker Arena"]
[Date "2024.04.09"]
[Round "2"]
[White "Roberta Draper"]
[Black "ArrowPlay"]
[Result "1-0"]
[WhiteElo "1620"]
[BlackElo "2027"]
[Annotator "RC"]
[PlyCount "65"]
[EventDate "2024.04.09"]
[EventType "swiss (blitz)"]
[TimeControl "60"]

1. e4 {[%emt 0:00:01]} c6 {[%emt 0:00:01]} 2. d4 {[%emt 0:00:01]} d5 {[%emt 0:00:01]} 3. e5 {[%emt 0:00:01]} Bf5 {[%emt 0:00:01]} 4. g4 {[%emt 0:00:01]} Be4 {[%emt 0:00:01]} 5. f3 {[%emt 0:00:01]} Bg6 {[%emt 0:00:01]} 6. e6 {[%emt 0:00:01]} Qd6 {[%emt 0:00:05]} 7. exf7+ {[%emt 0:00:01]} Bxf7 {[%emt 0:00:01]} 8. f4 {[%emt 0:00:02]} Nf6 {[%emt 0:00:01]} 9. Qe2 {[%emt 0:00:02]} Nbd7 {[%emt 0:00:09]} 10. g5 {[%emt 0:00:04]} Nh5 {[%emt 0:00:02]} 11. Bh3 {[%emt 0:00:02]} Nxf4 {[%emt 0:00:01]} 12. Qe3 {[%emt 0:00:01]} e5 {[%emt 0:00:01]} 13. Bxd7+ {[%emt 0:00:01]} Kxd7 {[%emt 0:00:01]} 14. Qb3 {[%emt 0:00:01]} Qb4+ {[%emt 0:00:07]} 15. Nc3 {[%emt 0:00:08]} Qxb3 {[%emt 0:00:01]} 16. axb3 {[%emt 0:00:01]} Bb4 {[%emt 0:00:03]} 17. Ra4 {[%emt 0:00:01]} a5 {[%emt 0:00:03]} 18. dxe5 {[%emt 0:00:01]} b5 {[%emt 0:00:02]} 19. g6 {[%emt 0:00:03]} Bxg6 {[%emt 0:00:01]} 20. Ra1 {[%emt 0:00:03]} Ne6 {[%emt 0:00:02]} 21. Nf3 {[%emt 0:00:03]} Bxc2 {[%emt 0:00:01]} 22. Be3 {[%emt 0:00:02]} Bxb3 {[%emt 0:00:01]} 23. h4 {[%emt 0:00:02]} a4 {[%emt 0:00:02]} 24. Kd2 {[%emt 0:00:01]} Rhf8 {[%emt 0:00:02]} 25. Ng5 {[%emt 0:00:01]} d4 {[%emt 0:00:02]} 26. Nxh7 {[%emt 0:00:01]} dxe3+ {[%emt 0:00:02]} 27. Kxe3 {[%emt 0:00:01]} Bc5+ {[%emt 0:00:02]} 28. Kd3 {[%emt 0:00:01]} Rf3+ {[%emt 0:00:02]} 29. Kd2 {[%emt 0:00:01]} Be3+ {[%emt 0:00:01]} 30. Ke2 {[%emt 0:00:01]} Nd4+ {[%emt 0:00:00]} 31. Ke1 {[%emt 0:00:01]} b4 {[%emt 0:00:02]} 32. Ne4 {[%emt 0:00:01]} Nc2+ {[%emt 0:00:02] '} 33. Ke2 {[%emt 0:00:01] (Lag: Av=0.06s, max=0.3s)} 1-0

[Event "Test Tournament"]
[Site "Emanuel Lasker Arena"]
[Date "2024.04.09"]
[Round "2"]
[White "Roberta Draper"]
[Black "Girlfriend Chess"]
[Result "1-0"]
[WhiteElo "1620"]
[BlackElo "1752"]
[Annotator "NA RC"]
[PlyCount "57"]
[EventDate "2024.04.09"]
[EventType "swiss (blitz)"]

1. e4 {[%emt 0:00:01]} c5 {[%emt 0:00:01]} 2. Nf3 {[%emt 0:00:01]} Nc6 {[%emt 0:00:01]} 3. d4 {[%emt 0:00:01]} cxd4 {[%emt 0:00:02]} 4. Nxd4 {[%emt 0:00:01]} Nf6 {[%emt 0:00:01]} 5. Nc3 {[%emt 0:00:01]} e5 {[%emt 0:00:01]} 6. Ndb5 {[%emt 0:00:01]} d6 {[%emt 0:00:01]} 7. Bg5 {[%emt 0:00:01]} a6 {[%emt 0:00:01]} 8. Na3 {[%emt 0:00:01]} b5 {[%emt 0:00:01]} 9. Nd5 {[%emt 0:00:01]} Be7 {[%emt 0:00:01]} 10. Bxf6 {[%emt 0:00:01]} Bxf6 {[%emt 0:00:01]} 11. c4 {[%emt 0:00:01]} b4 {[%emt 0:00:01]} 12. Nc2 {[%emt 0:00:01]} Nd4 {[%emt 0:00:01]} 13. Bd3 {[%emt 0:00:01]} O-O {[%emt 0:00:03]} 14. Nxd4 {[%emt 0:00:04]} exd4 {[%emt 0:00:01]} 15. f4 {[%emt 0:00:01]} Bh4+ {[%emt 0:00:03]} 16. g3 {[%emt 0:00:03]} b3 {[%emt 0:00:05]} 17. gxh4 {[%emt 0:00:01]} Qxh4+ {[%emt 0:00:00]} 18. Kd2 {[%emt 0:00:01]} Bg4 {[%emt 0:00:04]} 19. Qxb3 {[%emt 0:00:04]} Qh3 {[%emt 0:00:03]} 20. Be2 {[%emt 0:00:04]} Qg2 {[%emt 0:00:03]} 21. Qd3 {[%emt 0:00:03]} Rfe8 {[%emt 0:00:03]} 22. Rhg1 {[%emt 0:00:04]} Rab8 {[%emt 0:00:11]} 23. Rxg2 {[%emt 0:00:01]} Rxb2+ {[%emt 0:00:01]} 24. Kc1 {[%emt 0:00:02]} g5 {[%emt 0:00:11]} 25. Kxb2 {[%emt 0:00:02]} Bxe2 {[%emt 0:00:01]} 26. Rxg5+ {[%emt 0:00:01]} Kf8 {[%emt 0:00:00]} 27. Qxd4 {[%emt 0:00:02]} Rb8+ {[%emt 0:00:01]} 28. Kc2 {[%emt 0:00:02]} Bd3+ {[%emt 0:00:01] '} 29. Qxd3 {[%emt 0:00:01] (Lag: Av=0.07s, max=0.6s) (Lag: Av=0.07s, max=0.6s)} 1-0

[Event "Test Tournament"]
[Site "Emanuel Lasker Arena"]
[Date "2024.04.09"]
[Round "2"]
[White "Sauerbruch"]
[Black "Beaujolais"]
[Result "0-1"]
[WhiteElo "1620"]
[BlackElo "2200"]
[Annotator "RC"]
[PlyCount "94"]
[EventDate "2024.04.09"]
[EventType "swiss (blitz)"]
[TimeControl "60"]

1. e4 {[%emt 0:00:01]} Nf6 {[%emt 0:00:01]} 2. e5 {[%emt 0:00:01]} Nd5 {[%emt 0:00:01]} 3. d4 {[%emt 0:00:01]} d6 {[%emt 0:00:01]} 4. c4 {[%emt 0:00:01]} Nb6 {[%emt 0:00:01]} 5. f4 {[%emt 0:00:00]} Bf5 {[%emt 0:00:01]} 6. Nc3 {[%emt 0:00:01]} dxe5 {[%emt 0:00:01]} 7. fxe5 {[%emt 0:00:01]} e6 {[%emt 0:00:01]} 8. Be3 {[%emt 0:00:01]} Nc6 {[%emt 0:00:01]} 9. Nf3 {[%emt 0:00:01]} Bg4 {[%emt 0:00:01]} 10. Qd2 {[%emt 0:00:01]} Bb4 {[%emt 0:00:01]} 11. a3 {[%emt 0:00:01]} Bxc3 {[%emt 0:00:01]} 12. Qxc3 {[%emt 0:00:01]} Bxf3 {[%emt 0:00:06]} 13. gxf3 {[%emt 0:00:01]} Qh4+ {[%emt 0:00:04]} 14. Bf2 {[%emt 0:00:04]} Qf4 {[%emt 0:00:03]} 15. h4 {[%emt 0:00:04]} O-O-O {[%emt 0:00:03]} 16. Be3 {[%emt 0:00:09]} Qxf3 {[%emt 0:00:01]} 17. Rh3 {[%emt 0:00:04]} Qg4 {[%emt 0:00:01]} 18. b4 {[%emt 0:00:02]} Nxd4 {[%emt 0:00:01]} 19. c5 {[%emt 0:00:02]} Nf3+ {[%emt 0:00:00]} 20. Rxf3 {[%emt 0:00:01]} Nd5 {[%emt 0:00:01]} 21. c6 {[%emt 0:00:03]} Nxc3 {[%emt 0:00:01]} 22. cxb7+ {[%emt 0:00:01]} Kxb7 {[%emt 0:00:01]} 23. Kf2 {[%emt 0:00:02]} Rd1 {[%emt 0:00:02]} 24. Rc1 {[%emt 0:00:01]} Qxh4+ {[%emt 0:00:02]} 25. Kg1 {[%emt 0:00:01]} Ne2+ {[%emt 0:00:02]} 26. Kg2 {[%emt 0:00:01]} Nxc1 {[%emt 0:00:01]} 27. Bxc1 {[%emt 0:00:01]} Rxc1 {[%emt 0:00:00]} 28. Rh3 {[%emt 0:00:01]} Qe4+ {[%emt 0:00:02]} 29. Rf3 {[%emt 0:00:01]} Rxf1 {[%emt 0:00:02]} 30. Kxf1 {[%emt 0:00:01]} Qxf3+ {[%emt 0:00:01]} 31. Ke1 {[%emt 0:00:01]} Qe3+ {[%emt 0:00:01]} 32. Kf1 {[%emt 0:00:01]} Qd3+ {[%emt 0:00:01]} 33. Kf2 {[%emt 0:00:01]} Qd2+ {[%emt 0:00:01]} 34. Kf3 {[%emt 0:00:01]} Qd3+ {[%emt 0:00:01]} 35. Kg4 {[%emt 0:00:01]} Qe2+ {[%emt 0:00:01]} 36. Kf4 {[%emt 0:00:01]} Qd2+ {[%emt 0:00:01]} 37. Ke4 {[%emt 0:00:01]} Qe2+ {[%emt 0:00:01]} 38. Kf4 {[%emt 0:00:01]} Qd2+ {[%emt 0:00:01]} 39. Kg3 {[%emt 0:00:00]} Qe1+ {[%emt 0:00:01]} 40. Kf3 {[%emt 0:00:01]} Qd1+ {[%emt 0:00:01]} 41. Ke3 {[%emt 0:00:01]} Qe1+ {[%emt 0:00:01]} 42. Kd4 {[%emt 0:00:00]} Rd8+ {[%emt 0:00:01]} 43. Kc4 {[%emt 0:00:00]} Qe2+ {[%emt 0:00:01]} 44. Kb3 {[%emt 0:00:00]} Qd1+ {[%emt 0:00:01]} 45. Kc4 {[%emt 0:00:00]} Qc1+ {[%emt 0:00:01]} 46. Kb5 {[%emt 0:00:00]} c6+ {[%emt 0:00:00]} 47. Ka5 {[%emt 0:00:01]} Qxa3# {[%emt 0:00:01] (Lag: Av=0.06s, max=0.4s)} 0-1

[Event "Test Tournament"]
[Site "Emanuel Lasker Arena"]
[Date "2024.04.09"]
[Round "2"]
[White "Sauerbruch"]
[Black "Churchill"]
[Result "1-0"]
[WhiteElo "1620"]
[BlackElo "1620"]
[Annotator "NA RC"]
[PlyCount "39"]
[EventDate "2024.04.09"]
[EventType "swiss (blitz)"]
[TimeControl "60"]

1. e4 {[%emt 0:00:01]} c6 {[%emt 0:00:01]} 2. d4 {[%emt 0:00:01]} d5 {[%emt 0:00:01]} 3. e5 {[%emt 0:00:01]} Bf5 {[%emt 0:00:02]} 4. g4 {[%emt 0:00:01]} Be4 {[%emt 0:00:01]} 5. f3 {[%emt 0:00:01]} Bg6 {[%emt 0:00:06]} 6. h4 {[%emt 0:00:01]} Qa5+ {[%emt 0:00:02]} 7. c3 {[%emt 0:00:04]} e6 {[%emt 0:00:01]} 8. h5 {[%emt 0:00:04]} Ba3 {[%emt 0:00:15]} 9. hxg6 {[%emt 0:00:01]} Be7 {[%emt 0:00:01]} 10. Qb3 {[%emt 0:00:01]} fxg6 {[%emt 0:00:01]} 11. Qxb7 {[%emt 0:00:01]} Nh6 {[%emt 0:00:03]} 12. Rxh6 {[%emt 0:00:01]} gxh6 {[%emt 0:00:01]} 13. Qxa8 {[%emt 0:00:01]} Bh4+ {[%emt 0:00:03]} 14. Kd1 {[%emt 0:00:01]} O-O {[%emt 0:00:02]} 15. Bxh6 {[%emt 0:00:01]} Qb6 {[%emt 0:00:02]} 16. Bxf8 {[%emt 0:00:01]} Qxb2 {[%emt 0:00:01]} 17. Bb4 {[%emt 0:00:07]} Qxa1 {[%emt 0:00:01]} 18. Qxb8+ {[%emt 0:00:03]} Bd8 {[%emt 0:00:01]} 19. Qxd8+ {[%emt 0:00:01]} Kg7 {[%emt 0:00:01]} 20. Qf8# {[%emt 0:00:02] (Lag: Av=0.09s, max=0.8s)} 1-0

[Event "Test Tournament"]
[Site "Emanuel Lasker Arena"]
[Date "2024.04.09"]
[Round "2"]
[White "Stachelrochade"]
[Black "Lord Grantham"]
[Result "0-1"]
[WhiteElo "1620"]
[BlackElo "1766"]
[Annotator "NA RC"]
[PlyCount "78"]
[EventDate "2024.04.09"]
[EventType "swiss (blitz)"]
[TimeControl "60"]

1. d4 {[%emt 0:00:01]} d5 {[%emt 0:00:01]} 2. c4 {[%emt 0:00:01]} e6 {[%emt 0:00:01]} 3. Nf3 {[%emt 0:00:01]} Nf6 {[%emt 0:00:01]} 4. g3 {[%emt 0:00:01]} Bb4+ {[%emt 0:00:01]} 5. Bd2 {[%emt 0:00:01]} Be7 {[%emt 0:00:01]} 6. Bg2 {[%emt 0:00:01]} O-O {[%emt 0:00:01]} 7. O-O {[%emt 0:00:01]} Nbd7 {[%emt 0:00:01]} 8. Qc2 {[%emt 0:00:01]} c5 {[%emt 0:00:01]} 9. dxc5 {[%emt 0:00:01]} Nxc5 {[%emt 0:00:01]} 10. cxd5 {[%emt 0:00:01]} Nxd5 {[%emt 0:00:01]} 11. Rd1 {[%emt 0:00:04]} Qb6 {[%emt 0:00:04]} 12. Bg5 {[%emt 0:00:04]} Nb4 {[%emt 0:00:04]} 13. Qc4 {[%emt 0:00:04]} Bd6 {[%emt 0:00:06]} 14. Rxd6 {[%emt 0:00:01]} Qxd6 {[%emt 0:00:01]} 15. Qxb4 {[%emt 0:00:01]} a5 {[%emt 0:00:05]} 16. Qd4 {[%emt 0:00:04]} Ra6 {[%emt 0:00:03]} 17. Qxd6 {[%emt 0:00:03]} Rxd6 {[%emt 0:00:01]} 18. Nc3 {[%emt 0:00:03]} b5 {[%emt 0:00:03]} 19. Nxb5 {[%emt 0:00:03]} Rb6 {[%emt 0:00:02]} 20. Na7 {[%emt 0:00:03]} Rxb2 {[%emt 0:00:01]} 21. Nxc8 {[%emt 0:00:02]} Rxc8 {[%emt 0:00:01]} 22. Nd4 {[%emt 0:00:02]} e5 {[%emt 0:00:02]} 23. Nc6 {[%emt 0:00:02]} f6 {[%emt 0:00:02]} 24. Ne7+ {[%emt 0:00:01]} Kf8 {[%emt 0:00:01]} 25. Nxc8 {[%emt 0:00:01]} fxg5 {[%emt 0:00:01]} 26. Rc1 {[%emt 0:00:01]} Na4 {[%emt 0:00:01]} 27. Bd5 {[%emt 0:00:01]} Rxe2 {[%emt 0:00:01]} 28. Nd6 {[%emt 0:00:01]} g4 {[%emt 0:00:01]} 29. Rc7 {[%emt 0:00:01]} Rd2 {[%emt 0:00:01]} 30. Bb3 {[%emt 0:00:02]} Rxd6 {[%emt 0:00:01]} 31. Bxa4 {[%emt 0:00:01]} Rd2 {[%emt 0:00:01]} 32. Rc2 {[%emt 0:00:01]} Rd4 {[%emt 0:00:01]} 33. Bb5 {[%emt 0:00:01]} Rd1+ {[%emt 0:00:01]} 34. Kg2 {[%emt 0:00:00]} g5 {[%emt 0:00:01]} 35. f3 {[%emt 0:00:01]} Ra1 {[%emt 0:00:01]} 36. h3 {[%emt 0:00:01]} Rb1 {[%emt 0:00:01]} 37. Bd3 {[%emt 0:00:01]} Ra1 {[%emt 0:00:01]} 38. Bxh7 {[%emt 0:00:01]} Kf7 {[%emt 0:00:01]} 39. h4 {[%emt 0:00:01] .} Kg7 {[%emt 0:00:01]} 0-1

[Event "Test Tournament"]
[Site "Emanuel Lasker Arena"]
[Date "2024.04.09"]
[Round "2"]
[White "Stachelrochade"]
[Black "Schachmatz"]
[Result "1/2-1/2"]
[WhiteElo "1620"]
[BlackElo "1620"]
[Annotator "NA RC"]
[PlyCount "106"]
[EventDate "2024.04.09"]
[EventType "swiss (blitz)"]
[TimeControl "60"]

1. d4 {[%emt 0:00:01]} d5 {[%emt 0:00:01]} 2. c4 {[%emt 0:00:01]} e5 {[%emt 0:00:01]} 3. dxe5 {[%emt 0:00:01]} Ne7 {[%emt 0:00:01]} 4. cxd5 {[%emt 0:00:01]} Qxd5 {[%emt 0:00:01]} 5. Qxd5 {[%emt 0:00:01]} Nxd5 {[%emt 0:00:01]} 6. Nc3 {[%emt 0:00:01]} Be6 {[%emt 0:00:01]} 7. Nb5 {[%emt 0:00:01]} Bb4+ {[%emt 0:00:02]} 8. Bd2 {[%emt 0:00:01]} c6 {[%emt 0:00:02]} 9. Bxb4 {[%emt 0:00:04]} cxb5 {[%emt 0:00:01]} 10. Bd6 {[%emt 0:00:04]} h5 {[%emt 0:00:04]} 11. Nf3 {[%emt 0:00:04]} h4 {[%emt 0:00:04]} 12. e3 {[%emt 0:00:04]} Nc6 {[%emt 0:00:04]} 13. Bxb5 {[%emt 0:00:01]} O-O-O {[%emt 0:00:03]} 14. Ng5 {[%emt 0:00:03]} Ndb4 {[%emt 0:00:03]} 15. O-O {[%emt 0:00:01]} a5 {[%emt 0:00:03]} 16. a3 {[%emt 0:00:03]} Nc2 {[%emt 0:00:03]} 17. Nxe6 {[%emt 0:00:03]} fxe6 {[%emt 0:00:01]} 18. Rac1 {[%emt 0:00:02]} h3 {[%emt 0:00:02]} 19. Rxc2 {[%emt 0:00:01]} hxg2 {[%emt 0:00:01]} 20. Kxg2 {[%emt 0:00:01]} Rh5 {[%emt 0:00:02]} 21. Bxc6 {[%emt 0:00:02]} bxc6 {[%emt 0:00:01]} 22. Be7 {[%emt 0:00:02]} Rh6 {[%emt 0:00:02]} 23. Bxd8 {[%emt 0:00:01]} Kxd8 {[%emt 0:00:01]} 24. Rxc6 {[%emt 0:00:01]} Kd7 {[%emt 0:00:01]} 25. Rfc1 {[%emt 0:00:01]} Rh4 {[%emt 0:00:01]} 26. Rc8 {[%emt 0:00:01]} Rg4+ {[%emt 0:00:01]} 27. Kf1 {[%emt 0:00:01]} Rb4 {[%emt 0:00:01]} 28. R1c6 {[%emt 0:00:01]} Rb7 {[%emt 0:00:01]} 29. Ke2 {[%emt 0:00:01]} Rxb2+ {[%emt 0:00:01]} 30. Rc2 {[%emt 0:00:01]} g5 {[%emt 0:00:01]} 31. R8c7+ {[%emt 0:00:01]} Kd8 {[%emt 0:00:01]} 32. Rxb2 {[%emt 0:00:00]} Kxc7 {[%emt 0:00:00]} 33. a4 {[%emt 0:00:01]} Kd7 {[%emt 0:00:01]} 34. Kd3 {[%emt 0:00:01]} Kc6 {[%emt 0:00:01]} 35. f4 {[%emt 0:00:01]} Kd5 {[%emt 0:00:01]} 36. Rb5+ {[%emt 0:00:01]} Kc6 {[%emt 0:00:00]} 37. fxg5 {[%emt 0:00:00]} Kc7 {[%emt 0:00:01]} 38. Rxa5 {[%emt 0:00:01]} Kb6 {[%emt 0:00:01]} 39. g6 {[%emt 0:00:01]} Kxa5 {[%emt 0:00:00]} 40. g7 {[%emt 0:00:00]} Kxa4 {[%emt 0:00:01]} 41. g8=B {[%emt 0:00:00]} Kb4 {[%emt 0:00:00]} 42. Bxe6 {[%emt 0:00:00]} Kc5 {[%emt 0:00:00]} 43. h4 {[%emt 0:00:01]} Kb4 {[%emt 0:00:00]} 44. h5 {[%emt 0:00:00]} Kc5 {[%emt 0:00:00]} 45. h6 {[%emt 0:00:00]} Kc6 {[%emt 0:00:00]} 46. h7 {[%emt 0:00:01]} Kc7 {[%emt 0:00:00]} 47. h8=N {[%emt 0:00:00]} Kc6 {[%emt 0:00:00]} 48. Ke4 {[%emt 0:00:00]} Kc5 {[%emt 0:00:00]} 49. Kf5 {[%emt 0:00:01]} Kc6 {[%emt 0:00:00]} 50. Ng6 {[%emt 0:00:00]} Kc5 {[%emt 0:00:00]} 51. Kf6 {[%emt 0:00:00]} Kc6 {[%emt 0:00:01]} 52. Ba2 {[%emt 0:00:00]} Kd7 {[%emt 0:00:00]} 53. e6+ {[%emt 0:00:00] .} Kd6 {[%emt 0:00:00]} 1/2-1/2

[Event "Test Tournament"]
[Site "Emanuel Lasker Arena"]
[Date "2024.04.09"]
[Round "2"]
[White "Triskaidekaphobe"]
[Black "Kalinda"]
[Result "1-0"]
[WhiteElo "1620"]
[BlackElo "2102"]
[Annotator "RC"]
[PlyCount "39"]
[EventDate "2024.04.09"]
[EventType "swiss (blitz)"]
[TimeControl "60"]

1. c4 {[%emt 0:00:01]} c5 {[%emt 0:00:01]} 2. Nf3 {[%emt 0:00:01]} Nc6 {[%emt 0:00:02]} 3. Nc3 {[%emt 0:00:01]} g6 {[%emt 0:00:02]} 4. e3 {[%emt 0:00:01]} Nf6 {[%emt 0:00:01]} 5. d4 {[%emt 0:00:01]} cxd4 {[%emt 0:00:01]} 6. exd4 {[%emt 0:00:01]} d5 {[%emt 0:00:01]} 7. cxd5 {[%emt 0:00:01]} Nxd5 {[%emt 0:00:02]} 8. Qb3 {[%emt 0:00:01]} e6 {[%emt 0:00:01]} 9. Bg5 {[%emt 0:00:01]} Qb6 {[%emt 0:00:02]} 10. Bb5 {[%emt 0:00:08]} Bg7 {[%emt 0:00:04]} 11. Na4 {[%emt 0:00:01]} Qa5+ {[%emt 0:00:04]} 12. Bd2 {[%emt 0:00:03]} Qc7 {[%emt 0:00:04]} 13. Rc1 {[%emt 0:00:03]} Bd7 {[%emt 0:00:08]} 14. Nc5 {[%emt 0:00:03]} O-O {[%emt 0:00:02]} 15. Nxd7 {[%emt 0:00:01]} Qxd7 {[%emt 0:00:01]} 16. O-O {[%emt 0:00:03]} Rac8 {[%emt 0:00:02]} 17. Ne5 {[%emt 0:00:02]} Qe7 {[%emt 0:00:02]} 18. Bxc6 {[%emt 0:00:01]} bxc6 {[%emt 0:00:01]} 19. Nxc6 {[%emt 0:00:01]} Qh4 {[%emt 0:00:02]} 20. g3 {[%emt 0:00:02] Time ' (Lag: Av=0.05s, max=0.1s)} 1-0

[Event "Test Tournament"]
[Site "Emanuel Lasker Arena"]
[Date "2024.04.09"]
[Round "2"]
[White "Botany"]
[Black "Melancholia"]
[Result "0-1"]
[WhiteElo "1553"]
[BlackElo "1620"]
[Annotator "NA RC"]
[PlyCount "74"]
[EventDate "2024.04.09"]
[EventType "swiss (blitz)"]
[TimeControl "60"]

1. d4 {[%emt 0:00:01]} Nf6 {[%emt 0:00:02]} 2. c4 {[%emt 0:00:01]} c5 {[%emt 0:00:01]} 3. d5 {[%emt 0:00:01]} b5 {[%emt 0:00:01]} 4. cxb5 {[%emt 0:00:01]} a6 {[%emt 0:00:02]} 5. bxa6 {[%emt 0:00:02]} g6 {[%emt 0:00:01]} 6. Nc3 {[%emt 0:00:02]} Bxa6 {[%emt 0:00:01]} 7. Bf4 {[%emt 0:00:01]} Qa5 {[%emt 0:00:02]} 8. a4 {[%emt 0:00:01]} Qb4 {[%emt 0:00:04]} 9. Bc7 {[%emt 0:00:03]} Qxb2 {[%emt 0:00:04]} 10. Rc1 {[%emt 0:00:03]} Bh6 {[%emt 0:00:03]} 11. Rc2 {[%emt 0:00:05]} Ne4 {[%emt 0:00:11]} 12. Rxb2 {[%emt 0:00:01]} Nxc3 {[%emt 0:00:01]} 13. Qb3 {[%emt 0:00:03]} O-O {[%emt 0:00:03]} 14. Qxc3 {[%emt 0:00:01]} f5 {[%emt 0:00:01]} 15. Qxc5 {[%emt 0:00:03]} Rc8 {[%emt 0:00:02]} 16. Qxe7 {[%emt 0:00:01]} Bf8 {[%emt 0:00:01]} 17. Qe5 {[%emt 0:00:02]} Bg7 {[%emt 0:00:01]} 18. Rxb8 {[%emt 0:00:01]} Bxe5 {[%emt 0:00:01]} 19. Bxe5 {[%emt 0:00:01]} Raxb8 {[%emt 0:00:01]} 20. Bxb8 {[%emt 0:00:01]} Rxb8 {[%emt 0:00:01]} 21. Nf3 {[%emt 0:00:02]} Rb1+ {[%emt 0:00:01]} 22. Kd2 {[%emt 0:00:01]} d6 {[%emt 0:00:01]} 23. a5 {[%emt 0:00:02]} g5 {[%emt 0:00:01]} 24. Nxg5 {[%emt 0:00:02]} Ra1 {[%emt 0:00:02]} 25. e3 {[%emt 0:00:01]} Bxf1 {[%emt 0:00:01]} 26. h3 {[%emt 0:00:01]} h6 {[%emt 0:00:01]} 27. h4 {[%emt 0:00:08]} hxg5 {[%emt 0:00:01]} 28. hxg5 {[%emt 0:00:01]} Kf7 {[%emt 0:00:01]} 29. f3 {[%emt 0:00:01]} Kg7 {[%emt 0:00:01]} 30. Kc2 {[%emt 0:00:01]} Bc4 {[%emt 0:00:01]} 31. Rxa1 {[%emt 0:00:01]} Bxd5 {[%emt 0:00:01]} 32. a6 {[%emt 0:00:01]} Kg6 {[%emt 0:00:01]} 33. Ra5 {[%emt 0:00:01]} Bc6 {[%emt 0:00:01]} 34. Kd3 {[%emt 0:00:01]} Kxg5 {[%emt 0:00:00]} 35. e4 {[%emt 0:00:01]} Kh4 {[%emt 0:00:01]} 36. exf5 {[%emt 0:00:01]} Kg3 {[%emt 0:00:01] .} 37. Ra2 {[%emt 0:00:01]} Bd5 {[%emt 0:00:01]} 0-1

[Event "Test Tournament"]
[Site "Emanuel Lasker Arena"]
[Date "2024.04.02"]
[Round "3"]
[White "Val Di Sogno"]
[Black "Swindler"]
[Result "1-0"]
[WhiteElo "2520"]
[BlackElo "2233"]
[Annotator "TA"]
[PlyCount "55"]
[EventDate "2024.04.02"]
[EventType "swiss (blitz)"]

{[%evp 17,55,23,10,-74,42,48,43,5,27,29,21,16,18,19,45,37,121,125,125,123,170,171,235,238,239,245,247,231,247,265,262,277,349,354,2049,1931,29996,29996,29997,29998]} 1. e4 {[%emt 0:00:01]} e5 {[%emt 0:00:01]} 2. Nf3 {[%emt 0:00:01]} Nc6 {[%emt 0:00:01]} 3. Bb5 {[%emt 0:00:01][%cal Bf1b5,Bb5a4,Ba4b3][%mdl 32]} a6 {[%emt 0:00:01]} 4. Ba4 {[%emt 0:00:01]} Nf6 {[%emt 0:00:01]} 5. O-O {[%emt 0:00:01]} Be7 {[%emt 0:00:01]} 6. Re1 {[%emt 0:00:01]} b5 {[%emt 0:00:01]} 7. Bb3 {[%emt 0:00:01]} O-O {[%emt 0:00:01]} 8. c3 {[%emt 0:00:01]} d6 {[%emt 0:00:01]} 9. d4 {[%emt 0:00:01]} Bg4 {[%emt 0:00:01]} 10. Nbd2 {[%emt 0:00:01] [#]} (10. Be3 $11 {remains equal.}) 10... Na5 {[%emt 0:00:02]} ({Better is} 10... exd4 $1 $17 11. h3 (11. cxd4 Nxd4 12. h3 Nxb3 $17) 11... Bxf3 12. Nxf3 dxc3) 11. h3 $14 {[%emt 0:00:02]} Nxb3 {[%emt 0:00:00]} 12. Nxb3 {[%emt 0:00:01] White is slightly better.} (12. axb3 {simplifies} Bxf3 13. Nxf3 Nd7 14. b4) 12... Bh5 {[%emt 0:00:02]} 13. dxe5 {[%emt 0:00:00]} Bxf3 {[%emt 0:00:00]} 14. Qxf3 {[%emt 0:00:01]} dxe5 {[%emt 0:00:01]} 15. Rd1 {[%emt 0:00:06]} Qc8 {[%emt 0:00:02]} 16. Bg5 {[%emt 0:00:01]} h5 {[%emt 0:00:01]} ({Black should try} 16... Rd8 $14) 17. Bxf6 $16 {[%emt 0:00:01]} Bxf6 {[%emt 0:00:00]} 18. Qxh5 {[%emt 0:00:00] White is more active.} Qe6 {[%emt 0:00:01]} (18... Rd8 $16 19. Nc5 Rd6) 19. Nc5 $18 {[%emt 0:00:01]} Qc4 {[%emt 0:00:02]} (19... Qc6 $142) 20. Nd7 $1 {[%emt 0:00:01][%csl LRe5,LRf8]} Rfd8 {[%emt 0:00:01]} 21. Nxf6+ {[%emt 0:00:02]} (21. Nxe5 $6 Rxd1+ 22. Rxd1 Bxe5 23. Qxe5 Qe2 $16) 21... gxf6 {[%emt 0:00:00]} 22. Qh6 {[%emt 0:00:01]} Qxe4 {[%emt 0:00:01]} 23. Qxf6 {[%emt 0:00:02]} Re8 {[%emt 0:00:02]} 24. Rd7 {[%emt 0:00:01][%csl LRc7,LRf7]} Rf8 {[%emt 0:00:01]} 25. Rad1 {[%emt 0:00:01][%cal Ba1d1,Bd1d3,Bd3g3][%mdl 32]} ({Resist} 25. Rxc7 Qf4 26. Qxf4 exf4) 25... c5 $2 {[%emt 0:00:02]} (25... Qf4 26. Qc6 (26. Qxf4 exf4 27. R1d4 Rae8 $18) 26... Rae8 27. Qxa6 (27. Rxc7 Re6 $18) (27. Qxc7 Qc4 $18) 27... Rb8) 26. R1d3 {[%emt 0:00:01] [#] Rg3+ would kill now.} Qe1+ {[%emt 0:00:01]} 27. Kh2 {[%emt 0:00:01]} Kh7 {[%emt 0:00:01]} 28. Rg3 {[%emt 0:00:02] Weighted Error Value: White=0.13 (very precise) /Black=0.63.  Mistake:       	---       	Black=5      Inaccurate:     	White=1     	Black=2      OK:         	White=11    	Black=3      Best:        	White=1     	Black=1} 1-0